| 000 | 00845cam a22002531 4500 | ||
|---|---|---|---|
| 999 |
_c21380 _d21380 |
||
| 001 | 8443628 | ||
| 003 | BDDh-ASL | ||
| 005 | 20231015030006.0 | ||
| 008 | 810311s1962 oncab b 001 0 eng | ||
| 010 | _a 63000297 | ||
| 035 | _a(OCoLC)7217131 | ||
| 040 |
_aDLC _cMBU _dDLC _dBDDh-ASL |
||
| 050 | 0 | 0 |
_aDS126.4 _b.B84 |
| 082 |
_a327.5305 _bBUB |
||
| 100 | 1 |
_aBurns, E. L. M. _q(Eedson Louis Millard), _d1897-1985. |
|
| 245 | 1 | 0 | _aBetween Arab and Israeli / |
| 260 |
_aToronto: _bGeorge G. Harrap & Co. Ltd., _c1962. |
||
| 300 |
_a336 p. _billus., maps. _c24 cm. |
||
| 610 | 2 | 0 |
_aUnited Nations. _bSecurity Council. _bTruce Supervision Organization in Palestine. |
| 650 | 0 |
_aIsrael-Arab War, 1948-1949 _xArmistices. |
|
| 651 | 0 |
_aEgypt _xHistory _yIntervention, 1956. |
|
| 906 |
_a7 _bcbc _coclcrpl _du _encip _f19 _gy-gencatlg |
||
| 942 |
_2ddc _cBK |
||